000 00714nam a2200241Ia 4500
001 987
003 GE_BSU
008 181216s||||||||xx |||||||||||||| ||und||
020 _a978699229291
040 _cGE_BSU
080 _a658
100 _aПатсула Дж. Питер
245 _aБизнес план за 30дней
245 _bПошаговое руководство по успешному бизнеспланированию и началу собственного дела
250 _a3-е изд.
260 _aМосква
260 _bЭксмо
260 _c2008
300 _a512стр.
541 _h20л.
653 _aБизнес план за 30дней
942 _cBK
999 _c35145
_d35145